|
|
|
|
| LEADER |
00000nab a2200000 ar4500 |
| 001 |
vtls010572752 |
| 003 |
SK-MaSNL |
| 005 |
20260303084916.0 |
| 008 |
140128c20121211xo mr|p|||||||000 b|slo |
| 038 |
|
|
|a SNSK
|
| 040 |
|
|
|b slo
|c SNSK
|e AACR2
|
| 041 |
|
|
|a slo
|
| 044 |
|
|
|a xo
|c SK
|
| 080 |
|
|
|a 06.063
|x (437.6)
|2 2001
|
| 080 |
|
|
|a 72/76
|x (437.672.121.142)
|2 2001
|
| 245 |
0 |
0 |
|a Hlavná cena na Spiši
|
| 300 |
|
|
|b Fotogr.
|
| 600 |
1 |
7 |
|a Gurin, Tibor,
|d 1933-
|2 snsk
|9 19785
|
| 650 |
0 |
7 |
|a neprofesionálni výtvarníci
|2 snsk
|9 422753
|
| 650 |
0 |
7 |
|a úspechy
|2 snsk
|9 873641
|
| 650 |
0 |
7 |
|a celoslovenské súťaže
|2 snsk
|9 694499
|
| 651 |
|
7 |
|a Spišská Nová Ves (Slovensko)
|2 snsk
|9 28800
|
| 773 |
0 |
|
|t Spišské hlasy. Súkromný občasník
|g Roč. I., č. 5 (11. decembra 2012), s. 2
|
| 852 |
|
|
|a SNSK
|b KIS3GCP
|
| 999 |
|
|
|c 1797167
|d 1799097
|